| 000 | 00727cam a2200241 a 4500 | ||
|---|---|---|---|
| 001 | 3942764 | ||
| 003 | OSt | ||
| 005 | 20150727110623.0 | ||
| 008 | 930730s1994 nyuab 001 0 eng | ||
| 010 | _a 93027340 | ||
| 020 | _a0895775506 | ||
| 040 | _aSEKU | ||
| 043 | _an-us--- | ||
| 050 | 0 | 0 |
_aKF 387 _b.L4 1994 |
| 245 | 0 | 0 |
_aLegal problem solver : _ba quick-and-easy action guide to the law _cReader's Digest. |
| 260 |
_aPleasantville, N.Y. : _bReader's Digest, _cc1994. |
||
| 300 |
_a640 p. : _bcol. ill., maps ; _c26 cm. |
||
| 500 | _aIncludes index. | ||
| 650 | 0 |
_aLaw _zUnited States _xPopular works. |
|
| 710 | 2 | _aReader's Digest Association. | |
| 740 | 0 | _aReader's Digest legal problem solver. | |
| 942 |
_2lcc _cGEN |
||
| 999 |
_c7193 _d7193 |
||